00527nam a22001457a 4500003000500000038001800005082000800023100001700031245015500048264003400203300002500237650002900262700003300291856005700324NUST aNusrat Nadeem a200 aSabiha, Bibi aMolecular Characterization of Susceptibility Genes in Type II Diabetes and In-silico Designing of Agonist for Therapeutic Interventions/cSabiha, Bibi aIslamabad;bASAB NUST;c2022. a199,p;bill;c30,cm. aPhD-Applied Biosciences  aSupervisor: Dr. Attya Bhatti uhttp://10.250.8.41:8080/xmlui/handle/123456789/34811